000
00314nam a22001457a 4500
008
180814b xxu||||| |||| 00| 0 eng d
020
_a
9780130879028
041
_a
eng
080
_2
8th
_a
658
082
_a
658
100
_a
53
101
_a
MEN
245
_a
Strategic Management
_c
David,F.R
942
_2
udc
_c
BK
999
_c
47162
_d
47162